| 000 | 02267nam0a2200397 4500 | ||
|---|---|---|---|
| 001 | RU\NLR\bibl\1072542 | ||
| 005 | 20260406055130.0 | ||
| 010 |
_a978-5-235-02973-6 _95000 |
||
| 021 |
_aRU _b2007-13296 _9708 |
||
| 035 | _a(NLR Aleph) 001059766 | ||
| 035 | _a(nilc)RSL-KNO-003072442 | ||
| 090 |
_a931112 _c931112 |
||
| 100 | _a20070306d2007 |||y0rusy50 ca | ||
| 101 | 1 |
_arus _cfre |
|
| 102 | _aRU | ||
| 105 | _aa zzzz||||| | ||
| 106 | _ar | ||
| 200 | 1 |
_aКоролева Виктория _fФилипп Александр, Беатрис де Л'Онуа _g[пер. с фр. И.А. Сосфеновой _gнауч. ред. и предисл. д.ист.н. М.П. Айзенштат] |
|
| 210 |
_aМосква _cМолодая гвардия _d2007 |
||
| 215 |
_a492, [3] с., [16] л. ил., портр. _d21 |
||
| 225 | 1 |
_aЖизнь замечательных людей _eЖЗЛ _ecерия биографий _fоснована в 1890 г. Ф. Павленковым и продолжена в 1933 г. М. Горьким _vВып. 1232(1032) |
|
| 320 | _aБиблиогр. в конце кн. | ||
| 600 | 0 |
_aВиктория _cкоролева английская _f1819 - 1901 _91248649 _3RU\NLR\auth\66193875 |
|
| 610 | 0 | _aИстория. Исторические науки -- История зарубежных стран -- Великобритания -- Период капитализма (сер. 17 в.- ) -- Период расцвета промышленного капитализма и перехода к империализму (сер. 19-кон. 19 в.) -- Виктория (1819-1901) - королева Великобритании | |
| 686 |
_aТ3(4Вл)53-8Виктория,02 _2rubbk |
||
| 686 | _aТ3(4Вл)53-8 | ||
| 700 | 1 |
_4070 _8rus _7ca _aАлександр _bФ. _gФилипп _3RU\NLR\auth\7752567 _935500 |
|
| 701 | 1 |
_4070 _8rus _7ca _aЛ'Онуа _bБ. де _gБеатрис де _3RU\NLR\auth\7752568 _935501 |
|
| 702 | 0 |
_4570 _8rus _7ca _aВиктория _cкоролева английская _f1819-1901 _3RU\NLR\AUTH\779552 _9119376 |
|
| 801 | 0 |
_aRU _bРКП _c20070306 _grcr |
|
| 801 | 1 |
_aRU _bРГБ _c20070306 |
|
| 801 | 2 |
_aRU _bNLR _c20070412 _grcr |
|
| 942 | _cBOOK | ||
| 980 | _aNB | ||